|
|
|
|
| LEADER |
03265nam a22006135i 4500 |
| 001 |
978-3-642-35705-3 |
| 003 |
DE-He213 |
| 005 |
20151103125411.0 |
| 007 |
cr nn 008mamaa |
| 008 |
130107s2013 gw | s |||| 0|eng d |
| 020 |
|
|
|a 9783642357053
|9 978-3-642-35705-3
|
| 024 |
7 |
|
|a 10.1007/978-3-642-35705-3
|2 doi
|
| 040 |
|
|
|d GrThAP
|
| 050 |
|
4 |
|a QA76.9.L63
|
| 050 |
|
4 |
|a QA76.5913
|
| 050 |
|
4 |
|a QA76.63
|
| 072 |
|
7 |
|a UM
|2 bicssc
|
| 072 |
|
7 |
|a UYF
|2 bicssc
|
| 072 |
|
7 |
|a COM051000
|2 bisacsh
|
| 072 |
|
7 |
|a COM036000
|2 bisacsh
|
| 082 |
0 |
4 |
|a 005.1015113
|2 23
|
| 245 |
1 |
0 |
|a Unifying Theories of Programming
|h [electronic resource] :
|b 4th International Symposium, UTP 2012, Paris, France, August 27-28, 2012, Revised Selected Papers /
|c edited by Burkhart Wolff, Marie-Claude Gaudel, Abderrahmane Feliachi.
|
| 264 |
|
1 |
|a Berlin, Heidelberg :
|b Springer Berlin Heidelberg :
|b Imprint: Springer,
|c 2013.
|
| 300 |
|
|
|a VIII, 249 p. 4 illus.
|b online resource.
|
| 336 |
|
|
|a text
|b txt
|2 rdacontent
|
| 337 |
|
|
|a computer
|b c
|2 rdamedia
|
| 338 |
|
|
|a online resource
|b cr
|2 rdacarrier
|
| 347 |
|
|
|a text file
|b PDF
|2 rda
|
| 490 |
1 |
|
|a Lecture Notes in Computer Science,
|x 0302-9743 ;
|v 7681
|
| 505 |
0 |
|
|a Unifying Theories of Undefinedness in UTP -- Unifying Theories of Programming with Monads -- Circus Time with Reactive Designs -- Algebra Unifies Operational Calculi -- A Probabilistic Theory of Designs Based on Distributions -- The Logic of U•(TP)2 -- Conscriptions: A New Relational Model for Sequential Computations -- Mechanical Approach to Linking Operational Semantics and Algebraic Semantics for Verilog Using Maude -- Unifying Operational Semantics with Algebraic Semantics for Instantaneous Reactions -- Higher-Order UTP for a Theory of Methods -- Denotational Semantics for a Probabilistic Timed Shared-Variable Language.
|
| 520 |
|
|
|a This book constitutes the refereed proceedings of the 4th International Symposium on Unifying Theories of Programming, UTP 2012, held in Paris, France, in August 2012, co-located with the 18th International Symposium on Formal Methods, FM 2012. The 8 revised full papers presented together with 2 invited talks and one invited lecture were carefully reviewed and selected from 13 submissions.
|
| 650 |
|
0 |
|a Computer science.
|
| 650 |
|
0 |
|a Software engineering.
|
| 650 |
|
0 |
|a Programming languages (Electronic computers).
|
| 650 |
|
0 |
|a Computers.
|
| 650 |
|
0 |
|a Computer logic.
|
| 650 |
|
0 |
|a Mathematical logic.
|
| 650 |
1 |
4 |
|a Computer Science.
|
| 650 |
2 |
4 |
|a Logics and Meanings of Programs.
|
| 650 |
2 |
4 |
|a Programming Languages, Compilers, Interpreters.
|
| 650 |
2 |
4 |
|a Software Engineering.
|
| 650 |
2 |
4 |
|a Mathematical Logic and Formal Languages.
|
| 650 |
2 |
4 |
|a Computation by Abstract Devices.
|
| 700 |
1 |
|
|a Wolff, Burkhart.
|e editor.
|
| 700 |
1 |
|
|a Gaudel, Marie-Claude.
|e editor.
|
| 700 |
1 |
|
|a Feliachi, Abderrahmane.
|e editor.
|
| 710 |
2 |
|
|a SpringerLink (Online service)
|
| 773 |
0 |
|
|t Springer eBooks
|
| 776 |
0 |
8 |
|i Printed edition:
|z 9783642357046
|
| 830 |
|
0 |
|a Lecture Notes in Computer Science,
|x 0302-9743 ;
|v 7681
|
| 856 |
4 |
0 |
|u http://dx.doi.org/10.1007/978-3-642-35705-3
|z Full Text via HEAL-Link
|
| 912 |
|
|
|a ZDB-2-SCS
|
| 912 |
|
|
|a ZDB-2-LNC
|
| 950 |
|
|
|a Computer Science (Springer-11645)
|